000 00388nam a2200145Ia 4500
008 240624s9999 xx 000 0 und d
041 _aeng
082 _a808.02 BLO
100 _aBLOOMBERG LINDA DALE
245 _aCOMPLETING YOUR QUALITATIVE DISSERTATION
250 _a(2nd ed.)
260 _c2012
_aLondon
_bSage Publications
300 _axxix, : 312 : p. : cm. ; 25
365 _c
_b30
999 _c19719
_d19719